Normale Ansicht MARC-Ansicht ISBD

Parlamentarismus in Rumänien (1930 - 1940) : (Titelsatznr. 35263)

[ MARC ]
MARC-Details
000 -Satzkennung
Kontrollfeld mit fester Länge 00809nam a22002891c 4500
001 - Kontrollnummer
Kontrollfeld 272642622
008 - Feld mit fester Länge zur physischen Beschreibung - Allgemeine Angaben
Kontrollfeld mit fester Länge 120716s1997 gw |||| 000u ger d
020 ## - Internationale Standardbuchnummer
Internationale Standardbuchnummer 3486563297
Verknüpfung 3-486-56329-7
041 ## - Sprachcode
Sprachcode des Textes/der Tonspur oder des separaten Titels ger
040 ## - Katalogisierungsquelle
Übertragungsstelle RU-10907106
003 - Kontrollnummer Identifier
Kontrollfeld RU-10907106
100 1# - Haupteintragung - Personenname
Personenname Maner, Hans-Christian
245 00 - Titel
Titel Parlamentarismus in Rumänien (1930 - 1940) :
Zusatz zum Titel Demokratie im autoritären Umfeld
264 ## - Produktion, Veröffentlichung, Distribution, Herstellung und Urheberrechtsvermerk
Herstellungs-, Veröffentlichungs- Vertriebs-, Erzeugungsort München :
Produzent, Herausgeber, Distributor, Hersteller Oldenbourg,
Datum der Herstellung, der Veröffentlichung, des Vertriebs oder des Urheberschutzvermerks 1997
300 ## - Physische Beschreibung
Umfang 608 S.
490 #0 - Gesamttitelangabe
Gesamttitelangabe Südosteuropäische Arbeiten
Bandnummer/Folgebezeichnung 101
502 ## - Dissertationsvermerk
Dissertationsvermerk Zugl.: Mainz, Univ., Diss., 1996
650 #0 - Nebeneintragung unter einem Schlagwort - Sachschlagwort
Sachschlagwort oder geografischer Name als Eintragungselement Politische Kultur
650 #0 - Nebeneintragung unter einem Schlagwort - Sachschlagwort
Sachschlagwort oder geografischer Name als Eintragungselement Konstitutionalismus
650 #0 - Nebeneintragung unter einem Schlagwort - Sachschlagwort
Sachschlagwort oder geografischer Name als Eintragungselement Monarchie
650 #0 - Nebeneintragung unter einem Schlagwort - Sachschlagwort
Sachschlagwort oder geografischer Name als Eintragungselement Parlament
650 #0 - Nebeneintragung unter einem Schlagwort - Sachschlagwort
Sachschlagwort oder geografischer Name als Eintragungselement Nationalitätenpolitik
651 #0 - Nebeneintragung unter einem Schlagwort - Geografischer Name
Geografischer Name Rumänien
651 #0 - Nebeneintragung unter einem Schlagwort - Geografischer Name
Geografischer Name Balkan
655 #0 - Indexierungsterm - Genre/Form
Genre/Form oder fokussierter Term Hochschulschrift
942 ## - Zusätzliche Felder (Koha)
Koha-Medientyp Monographien
Exemplare
Ausgeschieden Verloren Klassifikation oder Aufstellungssystematik Beschädigt Nicht entleihbar Heimatbibliothek Aufenthaltsbibliothek Aufstellungsort Erwerbungsdatum Inventarnummer Signatur Barcode Letzte Aktivität Preis gültig von Koha-Medientyp
    Andere/Generische Klassifikation     MWN Osteuropa MWN Osteuropa Lesesaal - 1 16/07/2012 12-02520 W 62 G ee Man E004015073EB6C79 23/02/2021 22/03/2021 Monographien